Quantity surveyors as project managers (Record no. 65463)
[ view plain ]
| 000 -LEADER | |
|---|---|
| fixed length control field | 01617cam a2200241 4500 |
| 001 - CONTROL NUMBER | |
| control field | ABS63218 |
| 008 - FIXED-LENGTH DATA ELEMENTS--GENERAL INFORMATION | |
| fixed length control field | 000000n2000 000 0 eng u |
| 035 ## - SYSTEM CONTROL NUMBER | |
| System control number | (Sirsi) u109649 |
| 100 ## - MAIN ENTRY--PERSONAL NAME | |
| Personal name | Molloy, J |
| 245 ## - TITLE STATEMENT | |
| Title | Quantity surveyors as project managers |
| 260 ## - PUBLICATION, DISTRIBUTION, ETC. | |
| Date of publication, distribution, etc. | 2000 |
| 490 ## - SERIES STATEMENT | |
| Series statement | Surveying News |
| Volume/sequential designation | 9(10) November 2000, 10-11(2) |
| 520 ## - SUMMARY, ETC. | |
| Summary, etc. | Looks at how difficulties can arise when quantity surveyors diversify into project management, due to the lack of a professional procedure of conduct in this field. Discusses the case of "Pride Valley Foods v Hall & Partners" where the performance of a quantity surveyor acting as a project manager was called into question when a fire broke out at the client's factory. Pride Valley Foods accused Hall & Partners of negligence, claiming they had not fulfilled their duty to warn of potential fire hazards in the use of polystyrene wall panels. Evidence provided by expert witnesses was rejected because of the indefinable nature of project management. The judgment was therefore made on the exact terms of the consultancy agreement between the parties. Hall & Partners were found negligent because their agreement included a responsibility to specify materials to use in the building, which gave rise to a duty of care to inform the client of fire hazards. |
| 590 ## - LOCAL NOTE (RLIN) | |
| Local note | ABS |
| 650 ## - SUBJECT ADDED ENTRY--TOPICAL TERM | |
| Topical term or geographic name entry element | PRIDE VALLEY FOODS V HALL & PARTNERS |
| 650 ## - SUBJECT ADDED ENTRY--TOPICAL TERM | |
| Topical term or geographic name entry element | NEGLIGENCE |
| 650 ## - SUBJECT ADDED ENTRY--TOPICAL TERM | |
| Topical term or geographic name entry element | DUTY OF CARE |
| 650 ## - SUBJECT ADDED ENTRY--TOPICAL TERM | |
| Topical term or geographic name entry element | DUTY TO WARN |
| 650 ## - SUBJECT ADDED ENTRY--TOPICAL TERM | |
| Topical term or geographic name entry element | PROJECT MANAGERS |
| 650 ## - SUBJECT ADDED ENTRY--TOPICAL TERM | |
| Topical term or geographic name entry element | QUANTITY SURVEYORS |
| 690 ## - LOCAL SUBJECT ADDED ENTRY--TOPICAL TERM (OCLC, RLIN) | |
| Topical term or geographic name as entry element | MANAGEMENT-BUSINESS MANAGEMENT-PROFESSIONAL PRACTICE |
| 942 ## - ADDED ENTRY ELEMENTS (KOHA) | |
| Suppress in OPAC | 0 |
| Withdrawn status | Lost status | Source of classification or shelving scheme | Damaged status | Not for loan | Home library | Current library | Shelving location | Date acquired | Total Checkouts | Full call number | Barcode | Date last seen | Copy number | Price effective from | Koha item type |
|---|---|---|---|---|---|---|---|---|---|---|---|---|---|---|---|
| Dewey Decimal Classification | London | London | Journal article | 01/12/2000 | ABS63218 | 109649-1001 | 06/08/2019 | 1 | 06/08/2019 | Journal article |